00510nam a2200181Ia 450000500170000000800410001702000170005804000190007504100120009408200160010610000250012224500760014726000260022330000110024950400400026065000180030085000100031820230104101144.0131103s9999 xx 000 0 und d aSBN416082203 aLoreto College aEnglish a822.09bTAY aTaylor, John Russell 4aThe second waveb British drama for the seventies cJohn Russell Taylor aLondonbMethuenc1971 a236p.  aIncludes bibliographical references aEnglish drama aLCLIB